000 01064cim a2200361 a 4500
001 13948712
003 OSt
005 20260224185225.0
007 sd fsngnnmmned
008 050502s2003 xx nnn|j s | d
010 _a 2005569879
020 _a1575836483
020 _a9781575836485
024 1 _a718451305222
028 0 2 _aTwin 3052 CD
_bTwin Sisters Productions
035 _a13948712
035 _a(OCoLC)53886984
040 _aWHP
_cWHP
_dOCLCQ
_dDLC
042 _alccopycat
050 0 0 _aSDB 19193
082 _a910
245 0 0 _aQuiet escapes:
_b50 inspiring destinations to find your zen
260 _aLondon
_bGreenfinch
_c2022
300 _bdigital ;
_c4 3/4 in.
336 _asounds
_bspw
_2rdacontent
337 _aaudio
_bs
_2rdamedia
338 _aaudio disc
_bsd
_2rdacarrier
700 1 _aWright, Hal
_c(Composer)
_4arr
906 _a7
_bcbc
_ccopycat
_d2
_encip
_f20
_gy-genmusic
942 _2ddc
_cBK
999 _c4091
_d4091